000 02359cam a2200289 4500500
005 20260322002900.0
041 _afre
042 _adc
100 1 0 _aSoulabaille, Audrey
_eauthor
700 1 0 _aAlam, Amine Antonin
_eauthor
700 1 0 _aBarré, Amélie
_eauthor
700 1 0 _aPommaret, Élise
_eauthor
700 1 0 _aBenfredj, Paul
_eauthor
700 1 0 _aFathallah, Nadia
_eauthor
700 1 0 _aParades, Vincent
_eauthor
245 0 0 _aMaladie hémorroïdaire et épices : lien réel ou vue de l’esprit ?
260 _c2024.
500 _a61
520 _aGiven its frequency in the general population and its major impact on the quality of life of patients suffering from it, haemorrhoidal disease is a real subject of public interest. On a daily basis, doctors are faced with patients’ questions about the existence of potential triggering factors and, in particular, the role of spicy food in preventing and managing attacks. Despite the paucity of literature and the many complex physiopathology factors involved, this mini-review takes stock of current knowledge on the potential link between haemorrhoidal disease and spices, in an attempt to unravel the myth from the reality of this commonly accepted relationship.
520 _aCompte tenu de sa fréquence en population générale et de son impact majeur sur la qualité de vie des patients qui en sont atteints, la maladie hémorroïdaire constitue un véritable sujet animant le grand public. Les médecins font face quotidiennement aux interrogations des patients sur l’existence de potentiels facteurs déclenchants et en particulier le rôle de l’alimentation épicée, dans un souci de prévention et de gestion des crises. En dépit d’une littérature pauvre et d’une physiopathologie multiple et complexe, cette mini-revue dresse un état des lieux des connaissances actuelles sur le lien potentiel entre maladie hémorroïdaire et épices pour tenter de démêler le mythe de la réalité de cette relation communément admise.
690 _aépices
690 _ahémorroïdes
690 _ahaemorrhoids
690 _aspices
786 0 _nHépato-Gastro & Oncologie Digestive | 31 | 7 | 2024-09-25 | p. 672-677 | 2115-3310
856 4 1 _uhttps://stm.cairn.info/revue-hepato-gastro-et-oncologie-digestive-2024-7-page-672?lang=fr&redirect-ssocas=7080
999 _c1727423
_d1727423